书目信息 |
| 题名: |
认识自己
|
|
| 作者: | 卢燕云 主编 | |
| 分册: | ||
| 出版信息: | 北京 中国轻工业出版社 2014 |
|
| 页数: | 150页 | |
| 开本: | 29cm | |
| 丛书名: | 世界科普画廊 | |
| 单 册: | ||
| 中图分类: | R32-49 , G764 | |
| 科图分类: | ||
| 主题词: | 人体科学--普及读物 , 教育--类型 | |
| 电子资源: | ||
| ISBN: | 7-5019-9583-4 | |
| 000 | 00739nam2 2200265 450 | |
| 001 | 1547538605 | |
| 005 | 20150201131414.31 | |
| 010 | @a7-5019-9583-4@b精装@dCNY450.00(10册) | |
| 100 | @a20021005d2014 am y0chiy0110 ea | |
| 101 | 0 | @achi |
| 102 | @aCN@b110000 | |
| 105 | @ay z 000yy | |
| 200 | 1 | @a认识自己@Aren shi zi ji@f卢燕云主编@Flu yan yun zhu bian |
| 210 | @a北京@c中国轻工业出版社@d2014 | |
| 215 | @a150页@d29cm | |
| 225 | 2 | @a世界科普画廊 |
| 300 | @a国家“九五”出版规划重点图书 | |
| 410 | 0 | @12001 @a世界科普画廊 |
| 606 | 0 | @a人体科学@x普及读物 |
| 606 | 0 | @a教育@x类型 |
| 690 | @aR32-49@v5 | |
| 690 | @aG764@v4 | |
| 701 | 0 | @a卢燕云@Alu yan yun@4主编 |
| 801 | 0 | @aCN@bTSSF@c20150201 |
| 905 | @aZUCC@dG764@eJY45 | |
| 认识自己/卢燕云主编.-北京:中国轻工业出版社,2014 |
| 150页;29cm.-(世界科普画廊) |
| 国家“九五”出版规划重点图书 |
| ISBN 7-5019-9583-4(精装):CNY450.00(10册) |
| ● |
| 相关链接 |
|
|
|
|
正题名:认识自己
索取号:G764/JY45
 
预约/预借
| 序号 | 登录号 | 条形码 | 馆藏地/架位号 | 状态 | 备注 |
| 1 | 7864373 | 278643737 | 学院路分馆/ [索取号:G764/JY45] | 在馆 |